000
00255as aa2200097a 44500
090
_a
SERIADAS
_b
00483
245
1
0
_a
Occasional Papers of the Museum of Zoology
260
_b
University of Michigan Press
_a
Estados Unidos
041
0
_a
Inglés
942
_c
REVISTA
999
_c
17024
_d
17024